00376nam a2200133Ia 4500008004100000020001800041041000800059082001500067100001300082245006800095260003800163700001800201700002300219230717s9999 xx 000 0 und d a81-85019-43-6 aeng a338.9bSHI aShiva V  aFuture Of Progress : Reflections On Environment And Development aDehradunbNatraj Publishersc1994 a Goldsmith E. a Norberg-hodge H.